<?xml version="1.0" encoding="UTF-8"?>
<record
    xmlns:xsi="http://www.w3.org/2001/XMLSchema-instance"
    xsi:schemaLocation="http://www.loc.gov/MARC21/slim http://www.loc.gov/standards/marcxml/schema/MARC21slim.xsd"
    xmlns="http://www.loc.gov/MARC21/slim">

  <leader>00615nam a22002297a 4500</leader>
  <controlfield tag="003">UA-OsUOA</controlfield>
  <controlfield tag="001"> 29299 </controlfield>
  <controlfield tag="007">ta</controlfield>
  <controlfield tag="008">20041006b un ||||| |||| 00| 0 ukr d</controlfield>
  <datafield tag="090" ind1=" " ind2=" ">
    <subfield code="a">311.313(477)</subfield>
    <subfield code="b">&#x420;43</subfield>
  </datafield>
  <datafield tag="942" ind1=" " ind2=" ">
    <subfield code="c">BK</subfield>
  </datafield>
  <datafield tag="040" ind1=" " ind2=" ">
    <subfield code="a">UA-OsUOA</subfield>
    <subfield code="b">ukr</subfield>
    <subfield code="c">UA-OsUOA</subfield>
    <subfield code="d">UA-OsUOA</subfield>
  </datafield>
  <datafield tag="245" ind1=" " ind2=" ">
    <subfield code="a">&#x420;&#x456;&#x432;&#x43D;&#x435;&#x43D;&#x449;&#x438;&#x43D;&#x430;: &#x441;&#x442;&#x430;&#x442;&#x438;&#x441;&#x442;&#x438;&#x447;&#x43D;&#x438;&#x439; &#x449;&#x43E;&#x440;&#x456;&#x447;&#x43D;&#x438;&#x43A; &#x420;&#x456;&#x432;&#x43D;&#x435;&#x43D;&#x441;&#x44C;&#x43A;&#x43E;&#x457; &#x43E;&#x431;&#x43B;&#x430;&#x441;&#x442;&#x456; &#x437;&#x430; 2003 &#x440;&#x456;&#x43A;</subfield>
    <subfield code="c">&#x420;&#x435;&#x434;. &#x42E;.&#x412;.&#x41C;&#x43E;&#x440;&#x43E;&#x437;</subfield>
  </datafield>
  <datafield tag="300" ind1=" " ind2=" ">
    <subfield code="a">576 &#x441;.</subfield>
  </datafield>
  <datafield tag="955" ind1=" " ind2=" ">
    <subfield code="a">0</subfield>
  </datafield>
  <datafield tag="041" ind1=" " ind2=" ">
    <subfield code="a">ukr</subfield>
  </datafield>
  <datafield tag="080" ind1=" " ind2=" ">
    <subfield code="a">311.313(477)</subfield>
  </datafield>
  <datafield tag="260" ind1=" " ind2=" ">
    <subfield code="a">&#x420;&#x456;&#x432;&#x43D;&#x435;</subfield>
    <subfield code="c">2004</subfield>
  </datafield>
  <datafield tag="044" ind1=" " ind2=" ">
    <subfield code="a">UA</subfield>
  </datafield>
  <datafield tag="650" ind1=" " ind2="7">
    <subfield code="2">UDC</subfield>
  </datafield>
  <datafield tag="999" ind1=" " ind2=" ">
    <subfield code="c">315682</subfield>
    <subfield code="d">315682</subfield>
  </datafield>
  <datafield tag="952" ind1=" " ind2=" ">
    <subfield code="0">0</subfield>
    <subfield code="1">0</subfield>
    <subfield code="2">udc</subfield>
    <subfield code="4">0</subfield>
    <subfield code="7">0</subfield>
    <subfield code="a">102</subfield>
    <subfield code="b">102</subfield>
    <subfield code="d">2005-03-30</subfield>
    <subfield code="i">84387</subfield>
    <subfield code="l">0</subfield>
    <subfield code="o">311.313(477) &#x420;43</subfield>
    <subfield code="p">84387</subfield>
    <subfield code="r">2022-02-07 00:00:00</subfield>
    <subfield code="w">2004-10-06</subfield>
    <subfield code="y">BK</subfield>
  </datafield>
  <datafield tag="952" ind1=" " ind2=" ">
    <subfield code="0">0</subfield>
    <subfield code="1">0</subfield>
    <subfield code="2">udc</subfield>
    <subfield code="4">0</subfield>
    <subfield code="7">0</subfield>
    <subfield code="a">102</subfield>
    <subfield code="b">102</subfield>
    <subfield code="d">2004-10-06</subfield>
    <subfield code="g">79.60</subfield>
    <subfield code="i">94085</subfield>
    <subfield code="l">0</subfield>
    <subfield code="o">311.313(477) &#x420;43</subfield>
    <subfield code="p">94085</subfield>
    <subfield code="r">2022-02-07 00:00:00</subfield>
    <subfield code="w">2004-10-06</subfield>
    <subfield code="y">BK</subfield>
  </datafield>
  <datafield tag="952" ind1=" " ind2=" ">
    <subfield code="0">0</subfield>
    <subfield code="1">0</subfield>
    <subfield code="2">udc</subfield>
    <subfield code="4">0</subfield>
    <subfield code="7">0</subfield>
    <subfield code="a">102</subfield>
    <subfield code="b">102</subfield>
    <subfield code="d">2004-10-06</subfield>
    <subfield code="g">79.60</subfield>
    <subfield code="i">94086</subfield>
    <subfield code="l">0</subfield>
    <subfield code="o">311.313(477) &#x420;43</subfield>
    <subfield code="p">94086</subfield>
    <subfield code="r">2022-02-07 00:00:00</subfield>
    <subfield code="w">2004-10-06</subfield>
    <subfield code="y">BK</subfield>
  </datafield>
</record>
